000 00421nam a2200181Ia 4500
001 6907
005 20250626030129.0
008 211022s9999 xx 000 0 und d
020 _a1902015061
082 _a746.09492 TIM
100 _aTimmer, Dery (Ed.)
245 0 _aArt Textiles of the World Netherlands
260 _aWinchester
260 _bTelos Art Publishing
260 _c2001
300 _a96
942 _cBK
999 _c7153
_d7153